000 00921cab a2200277 4500
001 WB2931-10
008 090401t1993 xxu||||| |||| 00| 0 eng d
035 _a(Sirsi) u5543
041 _aeng
245 _aInstant facts on cost
260 _c1993
350 _a0
490 _aTimes
_v18 August 1993, 30(2)
520 _aA quarterly index has been launched by Procord detailing facilities management costs. The index is to be published in the Times newspaper. Includes comment on the growing appreciation amongst British companies of the importance and costs of risk management.
650 _aCOSTS
650 _aFACILITIES MANAGEMENT
_96240
650 _aOCCUPANCY COSTS
650 _aOFFICES
650 _aPROCORD
650 _aRISK MANAGEMENT
650 _aRUNNING COSTS
650 _aTIMES/PROCORD OFFICE COSTS INDEX
690 _aPROPERTY-COMMERCIAL PROPERTY
942 _n0
948 _c04/03/1997
999 _c3306
_d3306